<?xml version="1.0" encoding="UTF-8"?>
<collection xmlns="http://www.loc.gov/MARC21/slim">
 <record>
  <leader>00785nam a2200205 a 4500</leader>
  <controlfield tag="001">1/15755</controlfield>
  <controlfield tag="008">990720s1982    ne       b          eng  </controlfield>
  <datafield tag="020" ind1=" " ind2=" ">
   <subfield code="a">9024726484</subfield>
  </datafield>
  <datafield tag="035" ind1=" " ind2=" ">
   <subfield code="l">16255</subfield>
  </datafield>
  <datafield tag="040" ind1=" " ind2=" ">
   <subfield code="a">GR-PeUP</subfield>
  </datafield>
  <datafield tag="082" ind1="0" ind2="0">
   <subfield code="a">341.754 ER</subfield>
  </datafield>
  <datafield tag="100" ind1="1" ind2=" ">
   <subfield code="a">Ernst,</subfield>
   <subfield code="b">Ervin.</subfield>
  </datafield>
  <datafield tag="245" ind1="1" ind2="0">
   <subfield code="a">International commodity agreements :</subfield>
   <subfield code="b">the system of controlling the international commodity market /</subfield>
   <subfield code="c">Ervin Ernst.</subfield>
  </datafield>
  <datafield tag="260" ind1="0" ind2=" ">
   <subfield code="a">Hague ;</subfield>
   <subfield code="a">Boston :</subfield>
   <subfield code="b">Martinus Nijhoff ;</subfield>
   <subfield code="a">Hingham, MA :</subfield>
   <subfield code="b">Distributors for the U.S. and Canada, Kluwer Boston,</subfield>
   <subfield code="c">1982.</subfield>
  </datafield>
  <datafield tag="300" ind1=" " ind2=" ">
   <subfield code="a">146 p. ;</subfield>
   <subfield code="c">25 cm.</subfield>
  </datafield>
  <datafield tag="504" ind1=" " ind2=" ">
   <subfield code="a">Bibliography: p. 146-[147]</subfield>
  </datafield>
  <datafield tag="650" ind1=" " ind2="4">
   <subfield code="a">Commodity control.</subfield>
  </datafield>
  <datafield tag="650" ind1=" " ind2="4">
   <subfield code="a">Commercial treaties.</subfield>
  </datafield>
  <datafield tag="852" ind1=" " ind2=" ">
   <subfield code="a">INST</subfield>
   <subfield code="b">UNIPILB</subfield>
   <subfield code="c">MAIN</subfield>
   <subfield code="e">20040709</subfield>
   <subfield code="h">341.754 ER</subfield>
   <subfield code="p">00131404</subfield>
   <subfield code="q">00131404</subfield>
   <subfield code="t">LOAN</subfield>
   <subfield code="y">0</subfield>
   <subfield code="4">1</subfield>
  </datafield>
  <datafield tag="856" ind1="4" ind2=" ">
   <subfield code="d">/webopac/covers/01/16255_9024726484.jpg</subfield>
  </datafield>
 </record>
</collection>
